000 00572nam a2200217Ia 4500
001 1901
003 GE_BSU
008 181216s||||||||xx |||||||||||||| ||und||
020 _a9785948796451
040 _cGE_BSU
080 _a340.1(075.8)
245 _aПравоведение.Учебник. 2-е изд. переаб. и доп
245 _c[Отв. ред. Б.И. Пугинский]
260 _aМосква
260 _bЮрайт
260 _c2007
300 _a461 с.20см.
541 _h18 л.
653 _aПравоведение
942 _cBK
999 _c36002
_d36002